|
|
|
|
| LEADER |
00000nta a2200000 i 4500 |
| 001 |
dolg20501 |
| 005 |
20200422111451.0 |
| 008 |
190503suuuu hu o 000 hun d |
| 040 |
|
|
|a BGE Dolgozattár Repozitórium
|b hun
|
| 041 |
|
|
|a hu
|
| 100 |
1 |
|
|a Dávid Gábor
|
| 245 |
1 |
0 |
|a Szakmai gyakorlatom a Sport TV-nél
|c Dávid Gábor
|h [elektronikus dokumentum]
|
| 246 |
1 |
1 |
|a Szakmai gyakorlatom a Sport TV-nél
|
| 516 |
|
|
|a Final_paper
|
| 695 |
|
|
|a Sport TV
|
| 695 |
|
|
|a Televíziózás
|
| 700 |
1 |
|
|a Krasztev Dr. Péter
|e ths
|
| 856 |
4 |
0 |
|u http://dolgozattar.uni-bge.hu/20501/1/Szakmai%20gyakorlatom%20a%20Sport%20TV-n%C3%A9l%20-%20D%C3%A1vid%20G%C3%A1bor.pdf
|z Dokumentum-elérés
|